New floor targets (Record no. 72463)

MARC details
000 -LEADER
fixed length control field 00848cam a2200193 4500
001 - CONTROL NUMBER
control field WB3914-19
008 - FIXED-LENGTH DATA ELEMENTS--GENERAL INFORMATION
fixed length control field 030408n2003 000 0 eng u
035 ## - SYSTEM CONTROL NUMBER
System control number (Sirsi) u121929
245 ## - TITLE STATEMENT
Title New floor targets
260 ## - PUBLICATION, DISTRIBUTION, ETC.
Date of publication, distribution, etc. 2003
490 ## - SERIES STATEMENT
Series statement Regeneration and Renewal
Volume/sequential designation 4 April 2003, 5(1)
520 ## - SUMMARY, ETC.
Summary, etc. New floor targets that set national minimum standards of service provision in deprived areas have come into effect. The targets cover areas such as housing, rural poverty, economic development and transport and are enforced through public service agreements with local councils. Further information on floor and other deprivation targets available at www.neighbourhood.gov.uk/targets.asp.
590 ## - LOCAL NOTE (RLIN)
Local note WB
650 ## - SUBJECT ADDED ENTRY--TOPICAL TERM
Topical term or geographic name entry element FLOOR TARGETS
650 ## - SUBJECT ADDED ENTRY--TOPICAL TERM
Topical term or geographic name entry element DEPRIVED AREAS
650 ## - SUBJECT ADDED ENTRY--TOPICAL TERM
Topical term or geographic name entry element NEIGHBOURHOOD RENEWAL
690 ## - LOCAL SUBJECT ADDED ENTRY--TOPICAL TERM (OCLC, RLIN)
Topical term or geographic name as entry element REGENERATION
942 ## - ADDED ENTRY ELEMENTS (KOHA)
Suppress in OPAC 0
Holdings
Withdrawn status Lost status Source of classification or shelving scheme Damaged status Not for loan Home library Current library Shelving location Date acquired Total Checkouts Full call number Barcode Date last seen Copy number Price effective from Koha item type
    Dewey Decimal Classification     London London News article 08/04/2003   WB3914-19 121929-1001 06/08/2019 1 06/08/2019 News article